Vista normal Vista MARC

Entrada Materia (personas)

Número de registros utilizados en: 3

001 - CONTROL NUMBER

  • control field: 35549

003 - CONTROL NUMBER IDENTIFIER

  • control field: Co-BoUCM

005 - DATE AND TIME OF LATEST TRANSACTION

  • control field: 20130412075733.0

008 - FIXED-LENGTH DATA ELEMENTS

  • fixed length control field: 130412|| aca||aabn | a|a d

040 ## - CATALOGING SOURCE

  • Original cataloging agency: Co-BoUCM
  • Transcribing agency: Co-BoUCM

100 ## - HEADING--PERSONAL NAME

  • Personal name: Benedicto XIV
  • Titles and other words associated with a name: Papa
  • Dates associated with a name: 1675-1758

670 ## - SOURCE DATA FOUND

  • Source citation: Work cat.: (Co-BoUCM)69152: Benedicto XIV Papa 1675-1758, Casus conscientiae de mandato olim Eminentissimi, et Reverend. , 1786